Addresses on Romans. (Record no. 5720)

000 -LEADER
fixed length control field 00595nam a2200193 a 4500
001 - CONTROL NUMBER
control field :::00003462$&:&@@
003 - CONTROL NUMBER IDENTIFIER
control field OkBaRHE
005 - DATE AND TIME OF LATEST TRANSACTION
control field 20000607103305.0
008 - FIXED-LENGTH DATA ELEMENTS--GENERAL INFORMATION
fixed length control field s1936 j 000 0 eng u
040 ## - CATALOGING SOURCE
Transcribing agency
100 1# - MAIN ENTRY--PERSONAL NAME
Personal name Talbot, Louis Thompson, 1889-
245 10 - TITLE STATEMENT
Title Addresses on Romans.
260 ## - PUBLICATION, DISTRIBUTION, ETC. (IMPRINT)
Place of publication, distribution, etc Wheaton, IL., :
Name of publisher, distributor, etc Van Kampen Press
Date of publication, distribution, etc c1936
300 ## - PHYSICAL DESCRIPTION
Extent 237 p. ;
Dimensions 20 cm.
650 ## - SUBJECT ADDED ENTRY--TOPICAL TERM
Topical term or geographic name as entry element Bible New Testament Romans
General subdivision Sermons
650 ## - SUBJECT ADDED ENTRY--TOPICAL TERM
Topical term or geographic name as entry element Sermons, American
942 ## - ADDED ENTRY ELEMENTS (KOHA)
Source of classification or shelving scheme
Koha item type Books
Copies
Withdrawn status Koha item type Date acquired Price effective from Full call number Shelving location Lost status Date last seen Permanent Location Damaged status Not for loan Copy number Source of classification or shelving scheme Barcode
 Books2010-04-142010-04-14BS 2665.2 .T343General Stacks 2018-03-28RHEMA Bible Training College  1 3462